Catálogo
 En Linea

Catalogo de los fondos especiales de la Biblioteca del Museo Nacional de Ciencias Naturales : (Registro nro. 40670)

Detalles MARC
000 -CABECERA
campo de control de longitud fija 00953nam a2200205 a 4500
001 - NÚMERO DE CONTROL
campo de control 000041180
005 - FECHA Y HORA DE LA ÚLTIMA TRANSACCIÓN
campo de control 20201002034702.0
008 - DATOS DE LONGITUD FIJA--INFORMACIÓN GENERAL
campo de control de longitud fija 130923s1990 sp 000 0 spa d
020 ## - NÚMERO INTERNACIONAL ESTÁNDAR DEL LIBRO
Número Internacional Estándar del Libro 8400070577
040 ## - FUENTE DE LA CATALOGACIÓN
Centro catalogador/agencia de origen DO-SdBNP
Lengua de catalogación spa
Centro/agencia transcriptor BNPHU
100 1# - ENTRADA PRINCIPAL--NOMBRE DE PERSONA
Nombre de persona Vicente Rosillo, María Soledad
9 (RLIN) 67743
245 10 - MENCIÓN DE TÍTULO
Título Catalogo de los fondos especiales de la Biblioteca del Museo Nacional de Ciencias Naturales :
Resto del título manuscritos, incunables, obras de los S. XVI-XVII /
Mención de responsabilidad, etc. María Soledad Vicente Rosillo y Adelaida Orbiso Viñuelas.
260 ## - PUBLICACIÓN, DISTRIBUCIÓN, ETC.
Lugar de publicación, distribución, etc. Madrid :
Nombre del editor, distribuidor, etc. Consejo Superior de Investigaciones Científicas,
Fecha de publicación, distribución, etc. 1990.
300 ## - DESCRIPCIÓN FÍSICA
Extensión XIV, 274 p. :
Otras características físicas il. ;
Dimensiones 24 cm.
490 1# - MENCIÓN DE SERIE
Mención de serie Monografías (Museo Nacional de Ciencias Naturales) ;
Designación de volumen o secuencia 1
504 ## - NOTA DE BIBLIOGRAFÍA, ETC.
Nota de bibliografía, etc. Bibliografía : p. 273-274
700 1# - PUNTO DE ACCESO ADICIONAL--NOMBRE DE PERSONA
Nombre de persona Orbiso Viñuelas, Adelaida,
Término indicativo de función/relación comp.
9 (RLIN) 67744
710 2# - PUNTO DE ACCESO ADICIONAL--NOMBRE DE ENTIDAD CORPORATIVA
Nombre de entidad corporativa o nombre de jurisdicción como elemento de entrada Consejo Superior de Investigaciones Científicas
9 (RLIN) 4786
830 #0 - PUNTO DE ACCESO ADICIONAL DE SERIE-TÍTULO UNIFORME
Título uniforme Monografías (Museo Nacional de Ciencias Naturales)
Número de parte o sección de la obra 1
9 (RLIN) 67745
Existencias
Estado de retiro Estado de pérdida Restricciones de uso No para préstamo Código de colección Localización permanente Ubicación/localización actual Ubicación en estantería Fecha de adquisición Número de inventario Total de préstamos Signatura topográfica completa Código de barras Fecha visto por última vez Precio válido a partir de Tipo de ítem Koha
      Excluido de préstamo Monografías: Libros y Folletos General General En catalogación 23.09.2013 LF1   41180-10 25.06.2020 25.06.2020 No se presta

Con tecnología Koha